000 00598nam a2200181 a 4500
001 000035269
005 20200930074223.0
008 111027s19uu sp 000 0 spa d
020 _a8433903195
040 _aDO-SdBNP
_bspa
_cBNPHU
082 _axxxx
_bxxxx
100 1 _aReich, Wilhelm
_928231
245 1 0 _aPsicoanálisis y sociedad :
_bapuntes de freudo-marxismo /
_cWilhelm Reich, Igor A. Caruso.
260 _aBarcelona, :
_bAnagrama,
_c[19--?].
300 _a94 p. ;
_c18 cm.
504 _aIncluye referencias bibliográficas y notas al pie de las páginas
700 1 _aCaruso, Igor A.
_961030
999 _c34760
_d34760